00657nam a22002177a 450000500170000001000130001702000110003003500130004103700160005404000120007008200130008210000260009524500640012126000430018527000420022830000250027049000560029550000510035165000100040265000270041220170124105941.0 aA-599954 c175.00 aA-599954 bCen Lib/Ret aDPLbEN a270bMOH aMohammad Yahya Tamizi aSufi movement in eastern india /cby Mohammad Yahya Tamizi  aDelhibIdarah-I Adabiyat-I Dellic1992 bDelhia2009, qasimjan street e110006 axxi, 199p.c20cm(Hb) aI.A.D. Religio-philosophy (original) series no. -24 aIncludes bibliographical references and index  aIslam aSufi movement zIndia